[Event "GRE-chT 44th"]
[Site "Achaia"]
[Date "2016.07.07"]
[Round "4.3"]
[White "Amiridou, Dimitra"]
[Black "Manolopoulou, Vasiliki"]
[Result "1-0"]
[WhiteElo "1729"]
[BlackElo "1409"]
[PlyCount "53"]
[EventDate "2016.07.05"]
[EventType "team-swiss"]
[EventRounds "7"]
[EventCountry "GRE"]
[SourceTitle "CBM 173 Extra"]
[Source "ChessBase"]
[SourceDate "2016.08.29"]
[SourceVersion "1"]
[SourceVersionDate "2016.08.29"]
[SourceQuality "1"]
[WhiteTeam "Oreokastrou Marion"]
[BlackTeam "Peiraikos PG"]
[WhiteTeamCountry "GRE"]
[BlackTeamCountry "GRE"]

1. e4 e5 2. Nf3 Nc6 3. Bb5 a6 4. Ba4 Nf6 5. d3 d6 6. h3 Be7 7. c3 b5 8. Bb3 Na5 9. Bc2 c5 10. 0-0 0-0 11. Nbd2 Qc7 12. Re1 Bd7 13. Nf1 Rfe8 14. Ng3 h6 15. Nh2 Nc6 16. Nh5 a5 17. Re3 Kh7 18. Rg3 Rg8 19. Bb3 Be6 20. Bxe6 fxe6 21. Nxf6+ Bxf6 22. Qh5 Ne7 23. Ng4 Rgf8 24. Bxh6 Kg8 25. Bxg7 Bxg7 26. Nh6+ Kh7 27. Nf5+ 1-0

[Event "GRE-chT 40th"]
[Site "Achaia"]
[Date "2012.07.01"]
[Round "3.7"]
[White "Sfetsou, Christina"]
[Black "Manolopoulou, Vasiliki"]
[Result "0-1"]
[WhiteElo "1300"]
[BlackElo "1394"]
[PlyCount "132"]
[EventDate "2012.06.30"]
[EventType "team-swiss"]
[EventRounds "7"]
[EventCountry "GRE"]
[SourceTitle "CBM 149 Extra"]
[Source "ChessBase"]
[SourceDate "2012.08.24"]
[SourceVersion "1"]
[SourceVersionDate "2012.08.24"]
[SourceQuality "1"]
[WhiteTeam "Patron"]
[BlackTeam "Peiraikos"]
[WhiteTeamCountry "GRE"]
[BlackTeamCountry "GRE"]

1. e4 e5 2. Nf3 Nc6 3. Bb5 a6 4. Ba4 Nf6 5. d3 b5 6. Bb3 Bc5 7. h3 h6 8. 0-0 d6 9. c3 Be6 10. Re1 0-0 11. Be3 Ba7 12. Nbd2 Qc8 13. Nf1 Re8 14. Ng3 d5 15. Bxa7 Rxa7 16. d4 exd4 17. Nxd4 Ne7 18. Nxe6 fxe6 19. e5 Nd7 20. Qg4 Nc6 21. Nh5 Re7 22. f4 Qf8 23. Bc2 Qf7 24. Re3 Ra8 25. Rae1 Kh8 26. Rg3 Rg8 27. Qg6 Qxg6 28. Rxg6 Nf8 29. Rg4 g6 30. Nf6 Rgg7 31. Re3 g5 32. fxg5 hxg5 33. Nh5 Rg8 34. Reg3 Nxe5 35. Rxg5 Rxg5 36. Rxg5 Nf7 37. Rg7 c6 38. Rg4 Nd6 39. Nf6 Rg7 40. Rh4+ Nh7 41. Bxh7 Ra7 42. Rg4 Ra8 43. h4 e5 44. h5 Rf8 45. Rg6 Nc4 46. h6 d4 47. cxd4 exd4 48. Bg8 Ne5 49. Rg7 Rxf6 50. Bb3 Rxh6 51. Re7 Nd3 52. Re2 c5 53. Rd2 Nc1 54. Rc2 Nxb3 55. axb3 Rc6 56. Re2 Kg7 57. Kf1 Kf6 58. Ke1 Re6 59. Rxe6+ Kxe6 60. Kd2 c4 61. bxc4 bxc4 62. Kc2 Ke5 63. Kd2 Ke4 64. Ke2 a5 65. Kd2 a4 66. Ke2 c3 0-1

[Event "GRE-ch U14 Girls"]
[Site "Eretria"]
[Date "2011.06.26"]
[Round "3.8"]
[White "Manolopoulou, Vasiliki"]
[Black "Agorastoudi Vlahou, Fotini"]
[Result "1/2-1/2"]
[WhiteElo "1400"]
[BlackElo "1452"]
[PlyCount "70"]
[EventDate "2011.06.25"]
[EventType "swiss"]
[EventRounds "9"]
[EventCountry "GRE"]
[SourceTitle "EXT 2024"]
[Source "ChessBase"]
[SourceDate "2023.10.10"]
[SourceVersion "1"]
[SourceVersionDate "2023.10.10"]
[SourceQuality "1"]

1. e4 g6 2. d4 Bg7 3. Nc3 d5 4. Nf3 Nf6 5. Bd3 dxe4 6. Nxe4 Nxe4 7. Bxe4 c6 8. Be3 0-0 9. Qd2 Nd7 10. Bh6 Nf6 11. Bd3 Re8 12. Bxg7 Kxg7 13. h3 Qb6 14. 0-0-0 Be6 15. a3 Rad8 16. c3 Bd5 17. Qe2 Bxf3 18. Qxf3 e5 19. dxe5 Rxe5 20. Rhe1 Rde8 21. Rxe5 Rxe5 22. Rh1 Nd7 23. g4 Rd5 24. Bc4 Ne5 25. Qe2 Nxc4 26. Qxc4 Qxf2 27. Rf1 Qe3+ 28. Kb1 Qxh3 29. Qf4 Qd3+ 30. Ka1 Rd7 31. Qe5+ Kg8 32. Qe8+ Kg7 33. Qe5+ Kf8 34. Qh8+ Ke7 35. Qf6+ Kf8 1/2-1/2